| 000 | 00695nam a2200253Ia 4500 | ||
|---|---|---|---|
| 003 | OSt | ||
| 005 | 20220912151546.0 | ||
| 006 | a|||||r|||| 00| 0 | ||
| 007 | ta | ||
| 008 | 220909b |||||||| |||| 00| 0 eng d | ||
| 024 | _a28981 | ||
| 037 | _cTextual | ||
| 040 |
_aCSL _beng _cCSL |
||
| 041 | _aeng | ||
| 082 | _aC51:73aN80<-N76, M2 | ||
| 100 | _aBalaraman K Co. | ||
| 245 | 0 | _aBibliography on thermoluminescence and its applications | |
| 260 |
_aBombay _bBARC _c1982 |
||
| 300 |
_a366p. _ccm. |
||
| 650 | _aThermal | ||
| 700 | _a Nambi K S V Co. | ||
| 942 |
_hC51:73aN80<-N76, M2 _cTEXL _2CC |
||
| 999 |
_c71343 _d71343 |
||